| 000 | 00674nam a22002297a 4500 | ||
|---|---|---|---|
| 003 | BUBTL | ||
| 008 | 180801b xxu||||| |||| 00| 0 eng d | ||
| 020 | _a9780071326407 | ||
| 041 | _aEnglish | ||
| 082 | _a657.3/ P38f/ 2013 | ||
| 100 |
_aPenman,Stephen H. _94410 |
||
| 245 |
_aFinancial Statement Analysis and Security Valuation / _cStephen H. Penmen |
||
| 250 | _a4th | ||
| 260 |
_aNew York _bMc Graw Hill _cc2013 |
||
| 300 |
_a[xxvi], 740p. : _bill. Chart, Table ; 23cm.+ |
||
| 500 | _aIncludes Index . | ||
| 650 | 0 |
_918 _aFinance |
|
| 700 |
_aStephen H. Penman _95348 |
||
| 856 |
_k0 _l0 _yDownload |
||
| 942 |
_2ddc _cBK |
||
| 999 |
_c5768 _d5768 |
||